Consideración en torno al fomento de las industrias que producen bienes que se utilizan en la educación básica (Record no. 64831)

MARC details
000 -CABECERA
campo de control de longitud fija 00730nam a2200229 a 4500
005 - FECHA Y HORA DE LA ÚLTIMA TRANSACCIÓN
campo de control 20210219152947.0
008 - ELEMENTOS DE LONGITUD FIJA--INFORMACIÓN GENERAL
campo de control de longitud fija 991125n 000 0 u
035 ## - NÚMERO DE CONTROL DEL SISTEMA
Número de control de sistema UPN01000069140
100 ## - ASIENTO PRINCIPAL--NOMBRE PERSONAL
Nombre de persona Ochoa Nunez, Hernando
222 ## - TÍTULO CLAVE
Título clave REVISTA DEL CONVENIO ANDRES BELLO
245 ## - MENCIÓN DE TÍTULO
Título Consideración en torno al fomento de las industrias que producen bienes que se utilizan en la educación básica
300 ## - DESCRIPCIÓN FÍSICA
Extensión 27-32
362 ## - FECHAS DE PUBLICACIÓN Y/O DESIGNACIÓN SECUENCIAL
Fecha de publicación y/o designación secuencial 1986 Año 10, no. 29 sep.-dic.
653 0# - TERMINO DE INDIZACION - NO CONTROLADO
Término no controlado EDUCACION PRIMARIA
653 0# - TERMINO DE INDIZACION - NO CONTROLADO
Término no controlado EQUIPO EDUCATIVO
653 0# - TERMINO DE INDIZACION - NO CONTROLADO
Término no controlado INSTALACIONES EDUCATIVAS
653 0# - TERMINO DE INDIZACION - NO CONTROLADO
Término no controlado MATERIAL EDUCATIVO
653 0# - TERMINO DE INDIZACION - NO CONTROLADO
Término no controlado RECURSOS EDUCATIVOS
653 0# - TERMINO DE INDIZACION - NO CONTROLADO
Término no controlado RELACION ESCUELA-INDUSTRIA
904 ## - ELEMENTOS DE DATOS D LOCAL, LDD (RLIN)
a AC
b 006951
905 ## - TIPO DE MATERIAL
Tipo de material Articulo

No items available.